József Balázs: Milenci a zaľúbenci

Bibliographic Details
Main Author: Fordinálová, Eva, 1941- (Author)
Format: Article
Language:Slovak
Subjects:

MARC

LEADER 00000nab a2200000 a 4500
001 vtls000232643
003 SK-MaSNL
005 20260302212616.0
008 131118c1985 xo 0 slo
015 |a SNBRB19rr/mm-uuuuu 
035 |a CL0242757 
040 |a SNKBUCL  |b slo  |c SNKBUCL  |e AACR2 
041 0 |a slo 
044 |a xo  |c SK 
080 |a 82.09:894.511-3(048)  |2 1981 
080 |a 894.511-3(048)  |2 1981 
100 1 |a Fordinálová, Eva,  |d 1941-  |4 aut  |9 87521 
245 1 0 |a József Balázs: Milenci a zaľúbenci  |c Eva Fordinálová ; József Balázs 
500 |a Pod spoločným názvom Skusmo píše... V rubrike Recenzie. 
650 0 7 |a maďarské romány  |2 snkbucl  |9 282203 
655 7 |a recenzie  |2 snkbucl  |9 21907 
655 7 |a články z odboru literárna veda a krásna literatúra  |2 snkbucl  |9 770045 
655 7 |a články z novín a časopisov  |2 snkbucl  |9 267496 
773 0 |t Romboid  |g Roč. 20, č. 10 (1985), s. 90-92 
787 0 8 |i Rec.:  |a Balázs, József  |t Milenci a zaľúbenci  |d Bratislava : Smena, 1984 
850 |a Slovenská národná knižnica v Martine  |a MTA001 
852 |a SNK  |b KIS3GCP 
958 |a RK 
958 |a HU 
958 |a LX 
992 |a RBX 
999 |c 1489986  |d 1491916